| 000 | 00881cam a22002651a 4500 | ||
|---|---|---|---|
| 001 | sa 66000126 | ||
| 003 | DLC | ||
| 005 | 20260227112212.0 | ||
| 008 | 900123s1964 ii c 000 0 malr | ||
| 010 | _asa 66000126 | ||
| 025 | _aPL480:I-Mal-689 | ||
| 035 | _a(OCoLC)20945179 | ||
| 040 |
_aDLC _cWaU _dICRL _dDLC |
||
| 042 | _apremarc | ||
| 050 | 0 | 0 |
_aBD450 _b.R3 |
| 100 | 1 |
_aRāmamēnōn, Puttēl̲attu, _d1889-1973. |
|
| 245 | 1 | 0 |
_aĀrāṇīmanuṣyan / _cPuttēl̲attu Rāmamēnōn. |
| 260 |
_aKōṭṭayaṃ : _bSāhityapr̲avarttaka Sahakaraṇasaṃkhaṃ : _bVitaraṇaṃ, [Sales Dept.] : _bNāṣanal Bukkst̲t̲āḷ, _c[1964] |
||
| 300 |
_a228 p. : _bport. ; _c18 cm. |
||
| 500 | _aTitle on added t.p.: Araanee manushyan. | ||
| 500 | _aIn Malayalam. | ||
| 520 | _aPhilosophical essays. | ||
| 650 | 0 | _aPhilosophical anthropology. | |
| 740 | 0 | _aAraanee manushyan. | |
| 999 |
_c67046 _d67046 |
||